00326nam a2200121Ia 4500003000400000008004100004020002600045040000800071100002500079245005000104260004000154300001000194LDD181101s9999 xx 000 0 und d a9788175874541c105.00 cLDD aSayyed, Muzaffar Ali 0aKhama bagosh ke qalam secMuzaffar Ali Sayyed aNew DelhibMaktaba Jamia Ltd.c2011 a328p.